00477 a2200169 450000100060000002000060000604000240001210000260003624000370006224500320009930000080013136200090013965000310014894200070017995201040018699900170029069281 a  cAnchieta - Itaigara aGouveia, Luis Augusto10aPra começo de conversa...lpor10aPra começo de conversa... a1110 a2000 4aLiteratura infanto-juvenil cBK 00104070a88.1b88.1d2023-11-21l0o028.5 GOU PRAp1436/ITAr2023-11-21 20:03:46w2023-11-21yBK c69281d69281